Histoire du drapeau du Brésil - Statistiques

Statistiques générales
  • Ce quiz a été pris 47 fois
  • Le résultat moyen est 4 sur 5
Statistiques - réponses
Hint Réponse % Correct
Deuxième drapeau de la république des États-Unis du Brésil (1889-1930), État nouveau (1930-1945), quatrième république (1945-1964), Dictature militaire du Brésil (1964-1985) et Brésil (drapeau actuel depuis 1985)
86%
Premier drapeau de la république des États-Unis du Brésil (1889)
84%
Royaume-Uni de Portugal, du Brésil et des Algarves (1815-1822)
74%
Empire du Brésil (1822-1889)
70%
Vice-royauté du Brésil (1500-1815)
58%
Aucun quiz correspondant
Distribution des résultats
% des personnes avec chaque résultat
Percentile par nombre de réponses
Votre historique - résultats
Vous n’avez pas pris ce quiz